Tamil Heroic Poetry/ (Record no. 207824)

MARC details
000 -LEADER
fixed length control field 00494nam a22001817a 4500
005 - DATE AND TIME OF LATEST TRANSACTION
control field 20241219111902.0
010 ## - LCCN (DPL NO)
LC control number B-761525
020 ## - INTERNATIONAL STANDARD BOOK NUMBER
International Standard Book Number 9789357311694
Terms of availability 1199.00
035 ## - SYSTEM CONTROL NUMBER
System control number B-761525
037 ## - SOURCE OF ACQUISITION
Source of stock number/acquisition Gift
082 ## - DEWEY DECIMAL CLASSIFICATION NUMBER
Classification number 820
100 ## - MAIN ENTRY--PERSONAL NAME
Personal name Kailasapathy, K
245 ## - TITLE STATEMENT
Title Tamil Heroic Poetry/
Statement of responsibility, etc K Kailasapathy
260 ## - PUBLICATION, DISTRIBUTION, ETC. (IMPRINT)
Name of publisher, distributor, etc Hachette
Date of publication, distribution, etc 2023
Place of publication, distribution, etc UK
300 ## - PHYSICAL DESCRIPTION
Extent 406p.
Dimensions 20cm(pb)
942 ## - ADDED ENTRY ELEMENTS (KOHA)
Source of classification or shelving scheme Dewey Decimal Classification
Item type Children Books
Call number suffix KAK
Classification part 820
Holdings
Withdrawn status Lost status Not for loan Collection code Home library Current library Date acquired Source of acquisition Cost, normal purchase price Full call number Barcode Copy number Cost, replacement price Koha item type Public note
      Non-fiction Central Library Central Library 19/12/2024 Gift/9.12.24 1199.00 KAK 820 B-761525 1 1199.00 Children Books Gift

© Delhi Public Library
Hit Counter
free hit counter